Normal view
MARC view
Entry Personal Name
001 - CONTROL NUMBER
- control field: 32840
003 - CONTROL NUMBER IDENTIFIER
- control field: ARRUPE
005 - DATE AND TIME OF LATEST TRANSACTION
- control field: 20170706101536.0
008 - FIXED-LENGTH DATA ELEMENTS
- fixed length control field: 170706|| aca||aabn | a|a d
040 ## - CATALOGING SOURCE
- Original cataloging agency: ARRUPE
- Transcribing agency: ARRUPE
100 ## - HEADING--PERSONAL NAME
- Personal name: Leonardo,
- Titles and other words associated with a name: da Vinci,
- Dates associated with a name: 1452-1519.
670 ## - SOURCE DATA FOUND
- Source citation: Work cat.: (ARRUPE)63767: Jaspers, Karl, 1883-1969. 11508, Three essays: Leonardo, Descartes, Max Weber., [1964]